000 00341nam a2200157Ia 4500
003 Ost
005 20260225132556.0
008 260225s9999||||xx |||||||||||||| ||und||
040 _cfsic
041 _afre
082 _a440
100 _aVo Nguyen Giap
_eAuteur
245 0 _aDien Bien Phu /
245 0 _cVo Nguyen Giap
942 _cكتاب
999 _c34479
_d34479